<?xml version="1.0" encoding="UTF-8"?>
<record
    xmlns:xsi="http://www.w3.org/2001/XMLSchema-instance"
    xsi:schemaLocation="http://www.loc.gov/MARC21/slim http://www.loc.gov/standards/marcxml/schema/MARC21slim.xsd"
    xmlns="http://www.loc.gov/MARC21/slim">

  <leader>01988nam a22002777a 4500</leader>
  <controlfield tag="001">1377</controlfield>
  <controlfield tag="005">20240927150143.0</controlfield>
  <datafield tag="020" ind1=" " ind2=" ">
    <subfield code="a">9789995054502</subfield>
  </datafield>
  <datafield tag="040" ind1=" " ind2=" ">
    <subfield code="a">FISKH</subfield>
    <subfield code="b">eng</subfield>
    <subfield code="c">FISKH</subfield>
    <subfield code="d">FISKH</subfield>
  </datafield>
  <datafield tag="082" ind1=" " ind2=" ">
    <subfield code="a">398.25 </subfield>
  </datafield>
  <datafield tag="100" ind1=" " ind2=" ">
    <subfield code="a">Kurivo, Zong puer </subfield>
  </datafield>
  <datafield tag="245" ind1=" " ind2=" ">
    <subfield code="a">&#x1781;&#x17D2;&#x1798;&#x17C4;&#x1785;&#x1780;&#x17D2;&#x1793;&#x17BB;&#x1784;&#x1794;&#x178E;&#x17D2;&#x178E;&#x17B6;&#x179B;&#x17D0;&#x1799; / </subfield>
    <subfield code="c">&#x1793;&#x17B7;&#x1796;&#x1793;&#x17D2;&#x1792;&#x178A;&#x17C4;&#x1799; &#x17A0;&#x17D2;&#x179F;&#x1784;&#x17CB; &#x1796;&#x17D2;&#x1799;&#x17C2;&#x179A; &#x1782;&#x17BC;&#x179A;&#x17B8;&#x179C;&#x17C9;&#x17BC; - &#x1782;&#x17BC;&#x179A;&#x179A;&#x17BC;&#x1794;&#x178A;&#x17C4;&#x1799; &#x1794;&#x17D2;&#x179A;&#x17B6;&#x1780;&#x17CB; &#x1780;&#x17B7; </subfield>
  </datafield>
  <datafield tag="250" ind1=" " ind2=" ">
    <subfield code="b">&#x1794;&#x17C4;&#x17C7;&#x1796;&#x17BB;&#x1798;&#x17D2;&#x1796;&#x179B;&#x17BE;&#x1780;&#x1791;&#x17B8; &#x17E7;&#x200B; &#x1781;&#x17C2;&#x179C;&#x17B7;&#x1785;&#x17D2;&#x1781;&#x17B7;&#x1780;&#x17B6; &#x1786;&#x17D2;&#x1793;&#x17B6;&#x17C6; &#x17E2;&#x17E0;&#x17E1;&#x17E8; </subfield>
  </datafield>
  <datafield tag="260" ind1=" " ind2=" ">
    <subfield code="a">Phnom Penh : </subfield>
    <subfield code="b">Sipar, </subfield>
    <subfield code="c">2018. </subfield>
  </datafield>
  <datafield tag="300" ind1=" " ind2=" ">
    <subfield code="a">28 pages : </subfield>
    <subfield code="b">color illustrations ; </subfield>
    <subfield code="c">25 cm</subfield>
  </datafield>
  <datafield tag="490" ind1=" " ind2=" ">
    <subfield code="a">&#x1781;&#x17D2;&#x1789;&#x17BB;&#x17C6;&#x1785;&#x1784;&#x17CB;&#x17A2;&#x17B6;&#x1793; </subfield>
  </datafield>
  <datafield tag="505" ind1=" " ind2=" ">
    <subfield code="a">P 
</subfield>
  </datafield>
  <datafield tag="520" ind1=" " ind2=" ">
    <subfield code="a">&#x17A2;&#x17D2;&#x1793;&#x1780;&#x1782;&#x17D2;&#x179A;&#x17BC;&#x1794;&#x1789;&#x17D2;&#x1789;&#x17B6;&#x1787;&#x17B6;&#x1794;&#x178E;&#x17D2;&#x178E;&#x17B6;&#x179A;&#x1780;&#x17D2;&#x179F;&#x1790;&#x17D2;&#x1798;&#x17B8;&#x179A;&#x1794;&#x179F;&#x17CB;&#x1797;&#x17BC;&#x1798;&#x17B7;&#x1787;&#x17BE;&#x1784;&#x1797;&#x17D2;&#x1793;&#x17C6;&#x17D4; &#x1794;&#x17CB;&#x17BB;&#x1793;&#x17D2;&#x178F;&#x17C2;&#x1780;&#x17D2;&#x1793;&#x17BB;&#x1784;&#x1794;&#x178E;&#x17D2;&#x178E;&#x17B6;&#x179B;&#x17D0;&#x1799;&#x1793;&#x17C4;&#x17C7; &#x1798;&#x17B6;&#x1793;&#x1781;&#x17D2;&#x1798;&#x17C4;&#x1785;&#x1798;&#x17D2;&#x1793;&#x17B6;&#x1780;&#x17CB;&#x179F;&#x17D2;&#x1793;&#x17B6;&#x1780;&#x17CB;&#x1793;&#x17C5; &#x17A0;&#x17BE;&#x1799;&#x1787;&#x17B6;&#x1785;&#x17D2;&#x179A;&#x17BE;&#x1793;&#x1786;&#x17D2;&#x1793;&#x17B6;&#x17C6;&#x1780;&#x1793;&#x17D2;&#x179B;&#x1784;&#x1798;&#x1780;&#x1793;&#x17C1;&#x17C7; &#x1782;&#x17D2;&#x1798;&#x17B6;&#x1793;&#x1793;&#x179A;&#x178E;&#x17B6;&#x1798;&#x17D2;&#x1793;&#x17B6;&#x1780;&#x17CB;&#x17A0;&#x17CA;&#x17B6;&#x1793;&#x1788;&#x17B6;&#x1793;&#x1787;&#x17BE;&#x1784;&#x178A;&#x17BE;&#x179A;&#x1785;&#x17BC;&#x179B; &#x1791;&#x17C5;&#x1780;&#x17D2;&#x1793;&#x17BB;&#x1784;&#x1794;&#x178E;&#x17D2;&#x178E;&#x17B6;&#x179B;&#x17D0;&#x1799;&#x17A1;&#x17BE;&#x1799;&#x17D4; &#x178F;&#x17C2;&#x17A2;&#x17D2;&#x1793;&#x1780;&#x1782;&#x17D2;&#x179A;&#x17BC;&#x1794;&#x1789;&#x17D2;&#x1789;&#x1798;&#x17B7;&#x1793;&#x1781;&#x17D2;&#x179B;&#x17B6;&#x1785;&#x1793;&#x17C4;&#x17C7;&#x1791;&#x17C1; &#x1790;&#x17C2;&#x1798;&#x1791;&#x17B6;&#x17C6;&#x1784;&#x179F;&#x17BB;&#x17C6;&#x17CE;&#x17B3;&#x17D2;&#x1799;&#x1781;&#x17D2;&#x1798;&#x17C4;&#x1785;&#x1793;&#x17C4;&#x17C7;&#x1787;&#x17BD;&#x1799;&#x1792;&#x17D2;&#x179C;&#x17BE;&#x1780;&#x17B6;&#x179A;&#x1784;&#x17B6;&#x179A;&#x1782;&#x17B6;&#x178F;&#x17CB;&#x1790;&#x17C2;&#x1798;&#x1791;&#x17C0;&#x178F;&#x1795;&#x1784;&#x17D4; </subfield>
  </datafield>
  <datafield tag="520" ind1=" " ind2=" ">
    <subfield code="a">Teacher Panha is the new librarian of Cheung Phnom village. But there was a ghost in the library, and for many years no one dared to step into the library. But she is not afraid and even asks the ghost to help her with her work.</subfield>
  </datafield>
  <datafield tag="521" ind1=" " ind2=" ">
    <subfield code="a">650 
</subfield>
    <subfield code="b">Lexile estimate 
</subfield>
  </datafield>
  <datafield tag="521" ind1=" " ind2=" ">
    <subfield code="a">P 
</subfield>
    <subfield code="b">Raz-Plus 
</subfield>
  </datafield>
  <datafield tag="650" ind1=" " ind2=" ">
    <subfield code="a">&#x1781;&#x17D2;&#x1798;&#x17C4;&#x1785; </subfield>
    <subfield code="v">&#x17A2;&#x17B6;&#x1793; </subfield>
    <subfield code="x">&#x1794;&#x178E;&#x17D2;&#x178E;&#x17B6;&#x179B;&#x17D0;&#x1799; </subfield>
  </datafield>
  <datafield tag="650" ind1=" " ind2=" ">
    <subfield code="a">Ghost </subfield>
    <subfield code="v">Read </subfield>
    <subfield code="x">Library </subfield>
  </datafield>
  <datafield tag="700" ind1=" " ind2=" ">
    <subfield code="a">Ke, Prak </subfield>
    <subfield code="c">illustrator </subfield>
  </datafield>
  <datafield tag="942" ind1=" " ind2=" ">
    <subfield code="2">ddc</subfield>
    <subfield code="c">BK</subfield>
    <subfield code="n">0</subfield>
  </datafield>
  <datafield tag="999" ind1=" " ind2=" ">
    <subfield code="c">1377</subfield>
    <subfield code="d">1377</subfield>
  </datafield>
  <datafield tag="952" ind1=" " ind2=" ">
    <subfield code="0">0</subfield>
    <subfield code="1">0</subfield>
    <subfield code="2">ddc</subfield>
    <subfield code="4">0</subfield>
    <subfield code="7">0</subfield>
    <subfield code="8">KH</subfield>
    <subfield code="a">001</subfield>
    <subfield code="b">001</subfield>
    <subfield code="c">KHRS</subfield>
    <subfield code="d">2023-08-22</subfield>
    <subfield code="l">0</subfield>
    <subfield code="o">KOR 398.25</subfield>
    <subfield code="p">2023-0323</subfield>
    <subfield code="r">2023-08-22 16:09:58</subfield>
    <subfield code="t">1</subfield>
    <subfield code="w">2023-08-22</subfield>
    <subfield code="y">KHB</subfield>
  </datafield>
  <datafield tag="952" ind1=" " ind2=" ">
    <subfield code="0">0</subfield>
    <subfield code="1">0</subfield>
    <subfield code="2">ddc</subfield>
    <subfield code="4">0</subfield>
    <subfield code="7">0</subfield>
    <subfield code="8">KH</subfield>
    <subfield code="a">001</subfield>
    <subfield code="b">001</subfield>
    <subfield code="c">KHRS</subfield>
    <subfield code="d">2023-08-22</subfield>
    <subfield code="l">0</subfield>
    <subfield code="o">KOR 398.25</subfield>
    <subfield code="p">2023-0324</subfield>
    <subfield code="r">2023-08-22 16:10:11</subfield>
    <subfield code="t">2</subfield>
    <subfield code="w">2023-08-22</subfield>
    <subfield code="y">KHB</subfield>
  </datafield>
  <datafield tag="952" ind1=" " ind2=" ">
    <subfield code="0">0</subfield>
    <subfield code="1">0</subfield>
    <subfield code="2">ddc</subfield>
    <subfield code="4">0</subfield>
    <subfield code="7">0</subfield>
    <subfield code="8">KH</subfield>
    <subfield code="a">001</subfield>
    <subfield code="b">001</subfield>
    <subfield code="c">OKHR</subfield>
    <subfield code="d">2024-06-04</subfield>
    <subfield code="l">0</subfield>
    <subfield code="o">KOR 398.25</subfield>
    <subfield code="p">FISTK03409</subfield>
    <subfield code="r">2024-06-04 14:42:49</subfield>
    <subfield code="t">3</subfield>
    <subfield code="w">2024-06-04</subfield>
    <subfield code="y">KHB</subfield>
  </datafield>
  <datafield tag="952" ind1=" " ind2=" ">
    <subfield code="0">0</subfield>
    <subfield code="1">0</subfield>
    <subfield code="2">ddc</subfield>
    <subfield code="4">0</subfield>
    <subfield code="7">0</subfield>
    <subfield code="8">KH</subfield>
    <subfield code="a">001</subfield>
    <subfield code="b">001</subfield>
    <subfield code="c">OKHR</subfield>
    <subfield code="d">2024-06-27</subfield>
    <subfield code="l">0</subfield>
    <subfield code="o">KOR 398.25</subfield>
    <subfield code="p">FISTK03410</subfield>
    <subfield code="r">2024-06-27 15:46:11</subfield>
    <subfield code="t">4</subfield>
    <subfield code="w">2024-06-27</subfield>
    <subfield code="y">KHB</subfield>
  </datafield>
  <datafield tag="952" ind1=" " ind2=" ">
    <subfield code="0">0</subfield>
    <subfield code="1">0</subfield>
    <subfield code="2">ddc</subfield>
    <subfield code="4">0</subfield>
    <subfield code="7">0</subfield>
    <subfield code="8">KH</subfield>
    <subfield code="a">001</subfield>
    <subfield code="b">001</subfield>
    <subfield code="c">OKHR</subfield>
    <subfield code="d">2024-07-08</subfield>
    <subfield code="l">1</subfield>
    <subfield code="o">KOR 398.25</subfield>
    <subfield code="p">FISTKG3B025</subfield>
    <subfield code="q">2026-04-15</subfield>
    <subfield code="r">2026-04-01 08:18:09</subfield>
    <subfield code="s">2026-04-01</subfield>
    <subfield code="t">5</subfield>
    <subfield code="w">2024-07-08</subfield>
    <subfield code="y">KHB</subfield>
  </datafield>
  <datafield tag="952" ind1=" " ind2=" ">
    <subfield code="0">0</subfield>
    <subfield code="1">0</subfield>
    <subfield code="2">ddc</subfield>
    <subfield code="4">0</subfield>
    <subfield code="7">0</subfield>
    <subfield code="8">KH</subfield>
    <subfield code="a">001</subfield>
    <subfield code="b">001</subfield>
    <subfield code="c">OKHR</subfield>
    <subfield code="d">2025-04-22</subfield>
    <subfield code="l">0</subfield>
    <subfield code="o">KOR 398.25</subfield>
    <subfield code="p">FISTKG3A008</subfield>
    <subfield code="r">2025-04-22 10:00:06</subfield>
    <subfield code="t">6</subfield>
    <subfield code="w">2025-04-22</subfield>
    <subfield code="y">KHB</subfield>
  </datafield>
  <datafield tag="952" ind1=" " ind2=" ">
    <subfield code="0">0</subfield>
    <subfield code="1">0</subfield>
    <subfield code="2">ddc</subfield>
    <subfield code="4">0</subfield>
    <subfield code="7">0</subfield>
    <subfield code="8">KH</subfield>
    <subfield code="a">001</subfield>
    <subfield code="b">001</subfield>
    <subfield code="c">OKHR</subfield>
    <subfield code="d">2025-04-22</subfield>
    <subfield code="l">0</subfield>
    <subfield code="o">KOR 398.25 PZ7</subfield>
    <subfield code="p">FISTK04004</subfield>
    <subfield code="r">2025-04-22 10:06:06</subfield>
    <subfield code="t">7</subfield>
    <subfield code="w">2025-04-22</subfield>
    <subfield code="y">KHB</subfield>
  </datafield>
  <datafield tag="952" ind1=" " ind2=" ">
    <subfield code="0">0</subfield>
    <subfield code="1">0</subfield>
    <subfield code="2">ddc</subfield>
    <subfield code="4">0</subfield>
    <subfield code="7">0</subfield>
    <subfield code="8">KH</subfield>
    <subfield code="a">002</subfield>
    <subfield code="b">002</subfield>
    <subfield code="c">TTP Khmer</subfield>
    <subfield code="d">2025-09-16</subfield>
    <subfield code="l">0</subfield>
    <subfield code="o">KOR 398.25 PZ7</subfield>
    <subfield code="p">FISBK03850</subfield>
    <subfield code="r">2025-09-16 10:56:44</subfield>
    <subfield code="t">8</subfield>
    <subfield code="w">2025-09-16</subfield>
    <subfield code="y">KHB</subfield>
  </datafield>
  <datafield tag="952" ind1=" " ind2=" ">
    <subfield code="0">0</subfield>
    <subfield code="1">0</subfield>
    <subfield code="2">ddc</subfield>
    <subfield code="4">0</subfield>
    <subfield code="7">0</subfield>
    <subfield code="8">KH</subfield>
    <subfield code="a">002</subfield>
    <subfield code="b">002</subfield>
    <subfield code="c">TTP Khmer</subfield>
    <subfield code="d">2025-10-09</subfield>
    <subfield code="l">0</subfield>
    <subfield code="o">KOR 398.25 PZ7</subfield>
    <subfield code="p">FISBK072140</subfield>
    <subfield code="r">2025-10-09 14:49:34</subfield>
    <subfield code="t">9</subfield>
    <subfield code="w">2025-10-09</subfield>
    <subfield code="y">KHB</subfield>
  </datafield>
  <datafield tag="952" ind1=" " ind2=" ">
    <subfield code="0">0</subfield>
    <subfield code="1">0</subfield>
    <subfield code="2">ddc</subfield>
    <subfield code="4">0</subfield>
    <subfield code="7">0</subfield>
    <subfield code="8">KH</subfield>
    <subfield code="a">002</subfield>
    <subfield code="b">002</subfield>
    <subfield code="c">TTP Khmer</subfield>
    <subfield code="d">2025-11-27</subfield>
    <subfield code="l">0</subfield>
    <subfield code="o">KOR 398.25 PZ7</subfield>
    <subfield code="p">2025-4923</subfield>
    <subfield code="r">2025-11-27 09:57:40</subfield>
    <subfield code="t">10</subfield>
    <subfield code="w">2025-11-27</subfield>
    <subfield code="y">KHB</subfield>
  </datafield>
  <datafield tag="952" ind1=" " ind2=" ">
    <subfield code="0">0</subfield>
    <subfield code="1">0</subfield>
    <subfield code="2">ddc</subfield>
    <subfield code="4">0</subfield>
    <subfield code="7">0</subfield>
    <subfield code="8">KH</subfield>
    <subfield code="a">002</subfield>
    <subfield code="b">002</subfield>
    <subfield code="c">TTP Khmer</subfield>
    <subfield code="d">2025-11-27</subfield>
    <subfield code="l">1</subfield>
    <subfield code="o">KOR 398.25 PZ7</subfield>
    <subfield code="p">2025-4933</subfield>
    <subfield code="r">2026-03-31 14:57:12</subfield>
    <subfield code="s">2026-03-02</subfield>
    <subfield code="t">11</subfield>
    <subfield code="w">2025-11-27</subfield>
    <subfield code="y">KHB</subfield>
  </datafield>
</record>
